Femmes de Lettres : Histoire d'un combat, du Moyen Âge au XXe siècle (notice n° 1993895)

détails MARC
000 -LEADER
fixed length control field 01704cam a2200133 4500500
005 - DATE AND TIME OF LATEST TRANSACTION
control field 20260329050328.0
041 ## - LANGUAGE CODE
Language code of text/sound track or separate title fre
042 ## - AUTHENTICATION CODE
Authentication code dc
100 10 - MAIN ENTRY--PERSONAL NAME
Personal name Aubaude, Camille
Relator term author
245 00 - TITLE STATEMENT
Title Femmes de Lettres : Histoire d'un combat, du Moyen Âge au XXe siècle
260 ## - PUBLICATION, DISTRIBUTION, ETC.
Name of publisher, distributor, etc. Armand Colin,<br/>
Date of publication, distribution, etc. 2022.<br/>
520 ## - SUMMARY, ETC.
Summary, etc. L’existence des femmes de lettres dans la littérature française, jusque dans les années 1950, est soumise à ce type de questions : peut-on définir une « littérature féminine » ? Existe-t-il un langage propre aux femmes ? Comment se situe une femme écrivain à l’intérieur de la représentation collective d’une pratique, d’un métier qui ne s’énonce pas au féminin ? Cet essai d'histoire littéraire rompt avec l’image galvaudée de « l’écriture femme », montrant que l’écriture n’a pas de sexemais que la situation sociale des femmes a entravé l’épanouissement de leur création littéraire.Pourquoi les femmes sont-elles restées en marge de l’histoire littéraire, oubliées des manuels, des éditeurs, classées sous des prénoms, des pseudonymes masculins ou des patronymes conjugaux qu’on leur reprochait de déshonorer par leurs publications ? En invitant à lire des oeuvres d’écrivaines françaises du Moyen Âge au XXe siècle, en leur restituant la force de leur engagement, de leur volonté et de leur originalité, l’autrice montre qu’on peut aborder cette littérature selon une perspective différente de celle qui prône une image de la femme, un mythe de la féminité ou la vision d’une totalité femme.
856 41 - ELECTRONIC LOCATION AND ACCESS
Uniform Resource Identifier <a href="https://shs.cairn.info/femmes-de-lettres--9782200632144?lang=fr&redirect-ssocas=7080">https://shs.cairn.info/femmes-de-lettres--9782200632144?lang=fr&redirect-ssocas=7080</a>

Pas d'exemplaire disponible.

PLUDOC

PLUDOC est la plateforme unique et centralisée de gestion des bibliothèques physiques et numériques de Guinée administré par le CEDUST. Elle est la plus grande base de données de ressources documentaires pour les Étudiants, Enseignants chercheurs et Chercheurs de Guinée.

Adresse

627 919 101/664 919 101

25 boulevard du commerce
Kaloum, Conakry, Guinée

Réseaux sociaux

Powered by Netsen Group @ 2025